[Event "CZE-chT 2324"]
[Site "Czech Republic"]
[Date "2023.10.14"]
[Round "1.1"]
[White "Rodshtein, Tereza"]
[Black "Frank, Adam"]
[Result "0-1"]
[WhiteElo "2153"]
[BlackElo "2314"]
[PlyCount "64"]
[EventDate "2023.10.14"]
[EventType "team-tourn"]
[EventRounds "11"]
[EventCountry "CZE"]
[SourceTitle "Mega2024 Update 01"]
[Source "Chessbase"]
[SourceDate "2023.11.12"]
[SourceVersion "1"]
[SourceVersionDate "2023.11.12"]
[SourceQuality "1"]
[WhiteTeam "Turnov Zikuda"]
[BlackTeam "Frydek Mistek"]
[WhiteTeamCountry "CZE"]
[BlackTeamCountry "CZE"]

1. e4 c5 2. Nf3 d6 3. d4 cxd4 4. Nxd4 Nf6 5. Nc3 a6 6. h3 e5 7. Nde2 h5 8. Bg5 Nbd7 9. Nd5 b5 10. a4 b4 11. Ng3 Bb7 12. Bc4 Qc8 13. Qe2 Nxd5 14. exd5 Nb6 15. Bb3 h4 16. Ne4 f5 17. a5 Nd7 18. Nd2 Nc5 19. Nc4 Qc7 20. Nb6 Be7 21. Bxe7 Kxe7 22. Nxa8 Bxa8 23. Bc4 Kf6 24. 0-0 Bb7 25. f4 g6 26. g4 hxg3 27. Qg2 Ne4 28. fxe5+ Kg7 29. b3 Qc5+ 30. Kh1 Ng5 31. Qg1 Bxd5+ 32. Bxd5 Rxh3+ 0-1

[Event "EU-ch (Women) 22nd"]
[Site "Prague"]
[Date "2022.08.30"]
[Round "10"]
[White "Rapport, Jovana"]
[Black "Rodshtein, Tereza"]
[Result "1/2-1/2"]
[WhiteElo "2294"]
[BlackElo "2154"]
[PlyCount "150"]
[EventDate "2022.08.20"]
[EventType "swiss"]
[EventRounds "11"]
[EventCountry "CZE"]
[SourceTitle "CBM 209 Extra"]
[Source "ChessBase"]
[SourceDate "2022.09.30"]
[SourceVersion "1"]
[SourceVersionDate "2022.09.30"]
[SourceQuality "1"]

1. e4 e5 2. Nf3 Nc6 3. d4 exd4 4. Nxd4 Nf6 5. Nxc6 bxc6 6. e5 Qe7 7. Qe2 Nd5 8. g3 a5 9. c4 Ba6 10. b3 g6 11. Bg2 Bg7 12. Bb2 0-0 13. 0-0 Rfe8 14. Re1 f6 15. Qd2 Nb6 16. e6 Qd6 17. exd7 Nxd7 18. Rd1 Bb7 19. Qxd6 cxd6 20. Nc3 Re6 21. Ba3 f5 22. Rac1 Nc5 23. Bf3 Rae8 24. Kg2 Be5 25. Rc2 Kg7 26. h4 h6 27. Ne2 Ne4 28. c5 d5 29. Bc1 Ba6 30. Nd4 Rf6 31. Bb2 Kf7 32. Bc1 Kg7 33. Bf4 Bxd4 34. Rxd4 g5 35. Bc7 g4 36. Bd1 Rfe6 37. Bxa5 h5 38. a4 Rb8 39. Bb4 Re7 40. Rc1 Reb7 41. Ba3 Rxb3 42. Bxb3 Rxb3 43. Bb4 f4 44. gxf4 Be2 45. Re1 Bf3+ 46. Kg1 Kg6 47. a5 Rb2 48. Rdxe4 Bxe4 49. Bc3 Rb3 50. Re3 Kf5 51. Bd2 Rb2 52. Bc1 Rc2 53. Re1 Ra2 54. Be3 Rxa5 55. Rc1 Ra3 56. Kf1 g3 57. Ke2 Ra2+ 58. Bd2 gxf2 59. Rf1 Rc2 60. Rxf2 Rxc5 61. Rf1 Rc2 62. Rg1 c5 63. Rg5+ Kf6 64. Ke3 Bf5 65. Ba5 d4+ 66. Kf3 Bg4+ 67. Ke4 Re2+ 68. Kd3 Re3+ 69. Kc4 Be2+ 70. Kxc5 d3 71. Bc3+ Kf7 72. Rf5+ Ke6 73. Re5+ Rxe5+ 74. fxe5 d2 75. Bxd2 Kxe5 1/2-1/2

[Event "EU-ch (Women) 22nd"]
[Site "Prague"]
[Date "2022.08.29"]
[Round "9"]
[White "Rodshtein, Tereza"]
[Black "Radeva, Viktoria"]
[Result "1-0"]
[WhiteElo "2154"]
[BlackElo "2289"]
[PlyCount "79"]
[EventDate "2022.08.20"]
[EventType "swiss"]
[EventRounds "11"]
[EventCountry "CZE"]
[SourceTitle "CBM 209 Extra"]
[Source "ChessBase"]
[SourceDate "2022.09.30"]
[SourceVersion "1"]
[SourceVersionDate "2022.09.30"]
[SourceQuality "1"]

1. e4 c5 2. Nf3 e6 3. d4 cxd4 4. Nxd4 a6 5. Bd3 Bc5 6. Nb3 Ba7 7. Qg4 Nf6 8. Qg3 d6 9. 0-0 Nc6 10. Nc3 Ne5 11. Be2 b5 12. a3 Bb7 13. Bf4 0-0 14. Rad1 Qc7 15. Rxd6 Ng6 16. e5 Nd5 17. Bd2 Bb8 18. Na5 Qc8 19. Ne4 Bxd6 20. exd6 Ndf4 21. Nf6+ gxf6 22. Bxf4 Be4 23. Bh6 Rd8 24. c4 Qc5 25. Rd1 bxc4 26. Nxc4 Kh8 27. b4 Qc6 28. Ne5 Qe8 29. Ng4 f5 30. Nf6 Qc6 31. Qg5 Qc3 32. Nh5 Rg8 33. d7 Nf4 34. Bg7+ Qxg7 35. Qxg7+ Rxg7 36. d8Q+ Rxd8 37. Rxd8+ Rg8 38. Rxg8+ Kxg8 39. Nxf4 Bb7 40. Nd3 1-0

[Event "EU-ch (Women) 22nd"]
[Site "Prague"]
[Date "2022.08.27"]
[Round "7"]
[White "Rodshtein, Tereza"]
[Black "Movsesian, Julia"]
[Result "1-0"]
[WhiteElo "2154"]
[BlackElo "2291"]
[PlyCount "139"]
[EventDate "2022.08.20"]
[EventType "swiss"]
[EventRounds "11"]
[EventCountry "CZE"]
[SourceTitle "CBM 209 Extra"]
[Source "ChessBase"]
[SourceDate "2022.09.30"]
[SourceVersion "1"]
[SourceVersionDate "2022.09.30"]
[SourceQuality "1"]

1. e4 c6 2. d4 d5 3. exd5 cxd5 4. Bd3 Nc6 5. c3 Nf6 6. h3 g6 7. Bf4 Bg7 8. Nf3 0-0 9. 0-0 Bf5 10. Re1 Bxd3 11. Qxd3 a6 12. a4 Ne8 13. Nbd2 Nd6 14. b4 Rc8 15. a5 Na7 16. Nb3 Ne4 17. Nc5 Nxc5 18. bxc5 Nb5 19. Qe3 Re8 20. Bh6 Qd7 21. Bxg7 Kxg7 22. Ne5 Qf5 23. g4 Qf6 24. Qg3 g5 25. Re3 Qf4 26. Qg2 f6 27. Nd3 Qc7 28. Nb4 e6 29. Rae1 Qd7 30. Qf1 Na3 31. Qe2 Kf7 32. Qd3 Kg7 33. Qe2 Kf7 34. Qd3 Kg7 35. c6 Rxc6 36. Nxc6 Qxc6 37. Qe2 Kf7 38. Qd3 Kg7 39. h4 Nc4 40. Rh3 e5 41. hxg5 e4 42. gxf6+ Qxf6 43. Qc2 Re7 44. f3 Qg6 45. Rh5 Rf7 46. Rxd5 Rxf3 47. Rxe4 Rf1+ 48. Kxf1 Ne3+ 49. Rxe3 Qxc2 50. Rg5+ Kf6 51. Rf5+ Kg7 52. d5 Qd2 53. Rfe5 Kg6 54. d6 h6 55. c4 Qc1+ 56. Kg2 Qxc4 57. Kg3 Qc6 58. Re6+ Kf7 59. Re7+ Kf8 60. R7e6 Kf7 61. Rxh6 Qc1 62. Rhe6 Qd2 63. Re7+ Kf8 64. Re8+ Kf7 65. R3e7+ Kf6 66. Re6+ Kf7 67. R8e7+ Kf8 68. d7 Qc3+ 69. Re3 Qc7+ 70. Kh3 1-0

[Event "Pardubice Czech op-E 33rd"]
[Site "Pardubice"]
[Date "2022.07.15"]
[Round "2.3"]
[White "Rodshtein, Tereza"]
[Black "Kastner, Jan"]
[Result "1/2-1/2"]
[WhiteElo "2169"]
[BlackElo "1993"]
[PlyCount "76"]
[EventDate "2022.07.14"]
[EventType "team-swiss"]
[EventRounds "7"]
[EventCountry "CZE"]
[SourceTitle "CBM 209 Extra"]
[Source "ChessBase"]
[SourceDate "2022.09.30"]
[SourceVersion "1"]
[SourceVersionDate "2022.09.30"]
[SourceQuality "1"]
[WhiteTeam "Turnov Zikuda II"]
[BlackTeam "Nymburk Sokol"]
[WhiteTeamCountry "CZE"]
[BlackTeamCountry "CZE"]

1. e4 c6 2. d4 d5 3. Nd2 dxe4 4. Nxe4 Nf6 5. Nxf6+ exf6 6. Nf3 Bd6 7. Be2 Bf5 8. 0-0 0-0 9. Be3 Re8 10. c4 Nd7 11. Qb3 Qc8 12. c5 Bb8 13. Bc4 Be6 14. Bxe6 Rxe6 15. Rfd1 b6 16. Rac1 bxc5 17. dxc5 Be5 18. Qd3 Nf8 19. Nxe5 fxe5 20. Qe4 Qc7 21. Rd2 Rd8 22. Rcd1 Rxd2 23. Rxd2 h6 24. g3 Nd7 25. Qd3 Nf6 26. Qd8+ Qxd8 27. Rxd8+ Re8 28. Rd6 Re6 29. Rd3 Nd5 30. Rb3 Kf8 31. Kf1 f5 32. Ke2 g5 33. Bd2 Re7 34. h4 f4 35. hxg5 hxg5 36. gxf4 gxf4 37. f3 Kf7 38. Be1 Ke6 1/2-1/2

[Event "CZE-ch Betsys Online Blitz"]
[Site "Chess.com INT"]
[Date "2021.04.17"]
[Round "2"]
[White "Cmiko, Jakub"]
[Black "Rodshtein, Tereza"]
[Result "1-0"]
[WhiteElo "2043"]
[BlackElo "2169"]
[PlyCount "29"]
[EventDate "2021.04.17"]
[EventType "swiss (blitz)"]
[EventRounds "13"]
[EventCountry "CZE"]
[SourceTitle "CBM 201 Extra"]
[Source "ChessBase"]
[SourceDate "2021.05.31"]
[SourceVersion "1"]
[SourceVersionDate "2021.05.31"]
[SourceQuality "1"]

1. e4 e5 2. Nf3 Nc6 3. Bc4 Bc5 4. 0-0 Nf6 5. d4 Bxd4 6. Nxd4 Nxd4 7. f4 d6 8. fxe5 dxe5 9. Bg5 Be6 10. Na3 Qe7 11. c3 Bg4 12. Bxf6 Bxd1 13. Bxe7 Ne2+ 14. Bxe2 Bxe2 15. Rfe1 1-0

[Event "CZE-ch Betsys Online Blitz"]
[Site "Chess.com INT"]
[Date "2021.04.17"]
[Round "11"]
[White "Rodshtein, Tereza"]
[Black "Tesar, Patrik"]
[Result "1-0"]
[WhiteElo "2169"]
[BlackElo "2139"]
[PlyCount "71"]
[EventDate "2021.04.17"]
[EventType "swiss (blitz)"]
[EventRounds "13"]
[EventCountry "CZE"]
[SourceTitle "CBM 201 Extra"]
[Source "ChessBase"]
[SourceDate "2021.05.31"]
[SourceVersion "1"]
[SourceVersionDate "2021.05.31"]
[SourceQuality "1"]

1. f4 d5 2. b3 Nf6 3. Bb2 c6 4. Nf3 Bg4 5. e3 e6 6. Bd3 Bd6 7. h3 Bxf3 8. Qxf3 Nbd7 9. g4 Qc7 10. g5 Ne4 11. Bxe4 dxe4 12. Qxe4 0-0-0 13. Nc3 e5 14. f5 Nc5 15. Qg4 Kb8 16. 0-0-0 f6 17. h4 Na6 18. Ne4 Qa5 19. Kb1 Ba3 20. gxf6 gxf6 21. Nxf6 Bxb2 22. Kxb2 Rxd2 23. Nd7+ Ka8 24. Rxd2 Qxd2 25. Nxe5 Qxe3 26. Nc4 Qf2 27. Rd1 Rf8 28. Nd6 Qe3 29. Qg7 Rb8 30. Rd3 Qe2 31. Qd4 Nc7 32. f6 Nd5 33. f7 Qf1 34. Rd1 Qf3 35. Re1 a6 36. Re8 1-0

[Event "CZE-ch Betsys Online Blitz"]
[Site "Chess.com INT"]
[Date "2021.04.17"]
[Round "12"]
[White "Rubes, Jan"]
[Black "Rodshtein, Tereza"]
[Result "1/2-1/2"]
[WhiteElo "2400"]
[BlackElo "2169"]
[PlyCount "120"]
[EventDate "2021.04.17"]
[EventType "swiss (blitz)"]
[EventRounds "13"]
[EventCountry "CZE"]
[SourceTitle "CBM 201 Extra"]
[Source "ChessBase"]
[SourceDate "2021.05.31"]
[SourceVersion "1"]
[SourceVersionDate "2021.05.31"]
[SourceQuality "1"]

1. Nf3 d5 2. c4 c6 3. e3 Nf6 4. Nc3 e6 5. b3 Be7 6. Bb2 Nbd7 7. Qc2 b6 8. g4 h6 9. Rg1 Bb7 10. Be2 c5 11. 0-0-0 Ne4 12. Nxe4 dxe4 13. Ne5 Nxe5 14. Bxe5 Bf6 15. Qc3 Bxe5 16. Qxe5 Qf6 17. Qxf6 gxf6 18. d4 exd3 19. Rxd3 Ke7 20. Rgd1 Rhd8 21. Rxd8 Rxd8 22. Rxd8 Kxd8 23. Kd2 Ke7 24. f3 Kd6 25. Kd3 Ke5 26. h4 f5 27. f4+ Kf6 28. g5+ hxg5 29. fxg5+ Kg6 30. Kc3 e5 31. b4 f4 32. exf4 exf4 33. bxc5 bxc5 34. Kd3 f3 35. Bf1 Kh5 36. Ke3 Kxh4 37. Kf4 f2 38. a3 Bc6 39. Kf5 Kg3 40. Kf6 Bg2 41. Bd3 f1Q+ 42. Bxf1 Bxf1 43. Kxf7 Bxc4+ 44. Kf6 Bd3 45. Ke5 c4 46. Kd4 Kh4 47. g6 Bxg6 48. Kxc4 Kg5 49. Kc3 Kf6 50. Kb2 Ke5 51. Ka1 Kd4 52. a4 Kc4 53. a5 Kb5 54. a6 Kxa6 55. Kb2 Kb5 56. Ka1 a5 57. Kb2 a4 58. Ka1 Kb4 59. Kb2 a3+ 60. Ka1 Kb3 1/2-1/2

[Event "CZE-ch (Women)"]
[Site "Frydek Mistek"]
[Date "2020.09.10"]
[Round "6"]
[White "Rodshtein, Tereza"]
[Black "Koubova, Anna Marie"]
[Result "0-1"]
[WhiteElo "2175"]
[BlackElo "2040"]
[PlyCount "150"]
[EventDate "2020.09.05"]
[EventType "tourn"]
[EventRounds "9"]
[EventCountry "CZE"]
[SourceTitle "CBM 198 Extra"]
[Source "ChessBase"]
[SourceDate "2020.11.30"]
[SourceVersion "1"]
[SourceVersionDate "2020.11.30"]
[SourceQuality "1"]

1. e4 e6 2. d4 d5 3. Nc3 Nf6 4. Bg5 dxe4 5. Nxe4 Be7 6. Bxf6 gxf6 7. Nf3 f5 8. Nc3 Qd6 9. Qd2 a6 10. Be2 Nd7 11. 0-0-0 b5 12. Qh6 Bb7 13. Qe3 0-0-0 14. Kb1 Rhg8 15. g3 Bf6 16. Rhe1 Nb6 17. a3 Kb8 18. Ne5 Qe7 19. Na2 Nd5 20. Qb3 Bxe5 21. dxe5 Qc5 22. c4 bxc4 23. Bxc4 Nb6 24. Rc1 Qxf2 25. Nb4 Nxc4 26. Qxc4 Qb6 27. Re2 a5 28. Nc6+ Bxc6 29. Qxc6 Qxc6 30. Rxc6 Rd5 31. Rc4 Rg4 32. Rc6 Rgd4 33. Rec2 Rd2 34. R2c3 Rd7 35. Ra6 R7d5 36. Rac6 R2d3 37. R3c4 R3d4 38. Rc3 Rd7 39. Rb3+ Kc8 40. Ra6 R7d5 41. Ra8+ Kd7 42. Rbb8 Rd2 43. Rf8 Rxh2 44. Rxf7+ Kc6 45. Ra7 Rb5 46. Raxc7+ Kd5 47. Rc2 Rh1+ 48. Ka2 Kxe5 49. Re2+ Kd6 50. Ra7 Rh6 51. Ra6+ Kd5 52. a4 Rc5 53. b4 axb4 54. Kb3 Rc3+ 55. Kxb4 Rxg3 56. Ra5+ Kd6 57. Ra6+ Ke7 58. Ra7+ Kf6 59. a5 Rh4+ 60. Kb5 Rb3+ 61. Kc5 f4 62. a6 f3 63. Rf2 Rc3+ 64. Kb5 Rb3+ 65. Kc5 Ra4 66. Rb7 Rba3 67. Rxh7 Rxa6 68. Rh3 R6a5+ 69. Kd4 R5a4+ 70. Kc5 Rc3+ 71. Kb5 Rf4 72. Rh8 Ke5 73. Re8 Rf6 74. Kb4 Rc1 75. Ra8 Kf4 0-1

[Event "CZE-ch (Women)"]
[Site "Frydek Mistek"]
[Date "2020.09.09"]
[Round "5"]
[White "Petrova, Kristyna"]
[Black "Rodshtein, Tereza"]
[Result "1/2-1/2"]
[WhiteElo "2277"]
[BlackElo "2175"]
[PlyCount "68"]
[EventDate "2020.09.05"]
[EventType "tourn"]
[EventRounds "9"]
[EventCountry "CZE"]
[SourceTitle "CBM 198 Extra"]
[Source "ChessBase"]
[SourceDate "2020.11.30"]
[SourceVersion "1"]
[SourceVersionDate "2020.11.30"]
[SourceQuality "1"]

1. Nf3 d5 2. e3 Nf6 3. c4 c6 4. Nc3 e6 5. b3 Bd6 6. Bb2 Nbd7 7. Qc2 0-0 8. Be2 Qe7 9. 0-0 b6 10. d4 Bb7 11. Rfd1 Rfd8 12. Rac1 Rac8 13. g3 a6 14. Qb1 c5 15. cxd5 exd5 16. Bf1 h6 17. Bg2 Qe6 18. dxc5 bxc5 19. Qd3 Bb8 20. Nh4 Ne5 21. Qb1 Ba7 22. Ne2 Neg4 23. Nf4 Qb6 24. Nf5 Qc7 25. Nxg7 d4 26. Nge6 fxe6 27. Nxe6 Qf7 28. Bxb7 Ne4 29. Rc2 Nexf2 30. Nxd8 Nh3+ 31. Kh1 Rxd8 32. Be4 Nhf2+ 33. Rxf2 Nxf2+ 34. Kg2 Nxd1 1/2-1/2

[Event "CZE-ch (Women)"]
[Site "Frydek Mistek"]
[Date "2020.09.06"]
[Round "2"]
[White "Kulovana, Eva"]
[Black "Rodshtein, Tereza"]
[Result "0-1"]
[WhiteElo "2178"]
[BlackElo "2175"]
[PlyCount "92"]
[EventDate "2020.09.05"]
[EventType "tourn"]
[EventRounds "9"]
[EventCountry "CZE"]
[SourceTitle "CBM 198 Extra"]
[Source "ChessBase"]
[SourceDate "2020.11.30"]
[SourceVersion "1"]
[SourceVersionDate "2020.11.30"]
[SourceQuality "1"]

1. d4 d5 2. c4 dxc4 3. e3 Nf6 4. Bxc4 e6 5. Nf3 a6 6. a4 c5 7. Nc3 Nc6 8. 0-0 Be7 9. Qe2 cxd4 10. Rd1 e5 11. exd4 exd4 12. Nxd4 Nxd4 13. Qe5 Qd6 14. Qxd6 Bxd6 15. Rxd4 Bc5 16. Rd1 0-0 17. h3 Be6 18. Bxe6 fxe6 19. Be3 Bxe3 20. fxe3 Rfd8 21. g4 h6 22. Kf2 Kf7 23. Kf3 Rac8 24. e4 Nd7 25. Ke2 Ne5 26. Rxd8 Rxd8 27. Rd1 Rxd1 28. Nxd1 Kf6 29. Ke3 Kg5 30. Kd4 Nd7 31. Ne3 Kh4 32. a5 Kxh3 33. b4 Kg3 34. e5 Kf4 35. Nc4 Kxg4 36. Nd6 h5 37. Nxb7 h4 38. Nc5 h3 39. Nd3 h2 40. Ke3 Kg3 41. Nf2 Nxe5 42. Ke2 Kg2 43. b5 axb5 44. a6 Nc6 45. Ke3 g5 46. Ke2 g4 0-1

[Event "Pardubice blitz op"]
[Site "Pardubice"]
[Date "2020.08.02"]
[Round "6.8"]
[White "Brozka, Karel"]
[Black "Rodshtein, Tereza"]
[Result "1-0"]
[WhiteElo "1991"]
[BlackElo "2189"]
[PlyCount "107"]
[EventDate "2020.08.02"]
[EventType "swiss (blitz)"]
[EventRounds "9"]
[EventCountry "CZE"]
[SourceTitle "CBM 197 Extra"]
[Source "ChessBase"]
[SourceDate "2020.09.30"]
[SourceVersion "1"]
[SourceVersionDate "2020.09.30"]
[SourceQuality "1"]

1. d4 d5 2. c4 dxc4 3. Nc3 c5 4. d5 e6 5. e4 exd5 6. exd5 Nf6 7. Bxc4 Bd6 8. Bg5 0-0 9. Nge2 h6 10. Bh4 Bf5 11. 0-0 Bxh2+ 12. Kh1 Be5 13. Ng3 Bh7 14. f4 Bd4 15. Nge2 Bxc3 16. Nxc3 Nbd7 17. Qf3 Re8 18. Rae1 Qb6 19. b3 a6 20. g4 h5 21. g5 Ng4 22. Bg3 Bf5 23. a4 Qb4 24. Rxe8+ Rxe8 25. Re1 Rxe1+ 26. Bxe1 Qa3 27. d6 Qb2 28. Ne2 Qb1 29. Qg3 Be4+ 30. Kg1 Qd1 31. Kf1 Kf8 32. Qh3 g6 33. Qg3 Qc2 34. Qh3 Nb6 35. Bc3 Qb1+ 36. Be1 Nxc4 37. bxc4 Bd3 38. Qf3 Be4 39. Qc3 Kg8 40. d7 Qd1 41. Qd2 Nh2+ 42. Kg1 Nf3+ 43. Kf2 Nxd2 44. d8Q+ Kh7 45. Qxd2 Qb3 46. Qc3 Qd1 47. Qd2 Qb3 48. Qc3 Qd1 49. Nc1 Qd6 50. Ne2 Qd1 51. Ng3 Qd6 52. Nxe4 Qxf4+ 53. Qf3 Qc1 54. Qxf7+ 1-0

[Event "Pardubice blitz op"]
[Site "Pardubice"]
[Date "2020.08.02"]
[Round "1.4"]
[White "Laznicka, Viktor"]
[Black "Rodshtein, Tereza"]
[Result "1-0"]
[WhiteElo "2638"]
[BlackElo "2189"]
[PlyCount "43"]
[EventDate "2020.08.02"]
[EventType "swiss (blitz)"]
[EventRounds "9"]
[EventCountry "CZE"]
[SourceTitle "CBM 197 Extra"]
[Source "ChessBase"]
[SourceDate "2020.09.30"]
[SourceVersion "1"]
[SourceVersionDate "2020.09.30"]
[SourceQuality "1"]

1. d4 d5 2. c4 dxc4 3. e3 e6 4. Bxc4 c5 5. Nf3 Nf6 6. 0-0 a6 7. b3 Nc6 8. Bb2 b5 9. Be2 Bb7 10. a4 bxa4 11. Rxa4 Be7 12. Nbd2 0-0 13. Nc4 Nb4 14. Nfe5 Bd5 15. f3 cxd4 16. Bxd4 Qc7 17. Bc3 a5 18. e4 Bxc4 19. Nxc4 Rfd8 20. Qb1 Qc5+ 21. Kh1 Qe3 22. Nxe3 1-0

[Event "Pardubice blitz op"]
[Site "Pardubice"]
[Date "2020.08.02"]
[Round "3.14"]
[White "Novosadova, Kristyna"]
[Black "Rodshtein, Tereza"]
[Result "0-1"]
[WhiteElo "2168"]
[BlackElo "2189"]
[PlyCount "56"]
[EventDate "2020.08.02"]
[EventType "swiss (blitz)"]
[EventRounds "9"]
[EventCountry "CZE"]
[SourceTitle "CBM 197 Extra"]
[Source "ChessBase"]
[SourceDate "2020.09.30"]
[SourceVersion "1"]
[SourceVersionDate "2020.09.30"]
[SourceQuality "1"]

1. e4 e5 2. Nf3 Nc6 3. d4 exd4 4. Bc4 Bc5 5. c3 Nf6 6. cxd4 Bb4+ 7. Bd2 Nxe4 8. Bxb4 Nxb4 9. Bxf7+ Kxf7 10. Qb3+ d5 11. Ne5+ Kf6 12. Qxb4 Re8 13. 0-0 c5 14. Qe1 cxd4 15. f4 Qb6 16. Nd2 Bf5 17. g4 Nxd2 18. Qxd2 d3+ 19. Kg2 Be4+ 20. Kg3 Qd4 21. Rac1 Rac8 22. Nd7+ Ke7 23. Ne5 Kf8 24. Rc3 Rxc3 25. bxc3 Qa4 26. Qe3 Qc2 27. Qc5+ Kg8 28. Kh4 Qxh2+ 0-1

[Event "Pardubice blitz op"]
[Site "Pardubice"]
[Date "2020.08.02"]
[Round "7.12"]
[White "Rodshtein, Tereza"]
[Black "Frank, Adam"]
[Result "1-0"]
[WhiteElo "2189"]
[BlackElo "2227"]
[PlyCount "71"]
[EventDate "2020.08.02"]
[EventType "swiss (blitz)"]
[EventRounds "9"]
[EventCountry "CZE"]
[SourceTitle "CBM 197 Extra"]
[Source "ChessBase"]
[SourceDate "2020.09.30"]
[SourceVersion "1"]
[SourceVersionDate "2020.09.30"]
[SourceQuality "1"]

1. e4 d6 2. d4 Nf6 3. Nc3 g6 4. Be3 a6 5. h3 b5 6. e5 b4 7. exf6 bxc3 8. fxe7 Qxe7 9. bxc3 Bb7 10. Nf3 Bg7 11. Be2 0-0 12. 0-0 Nd7 13. Rb1 Nb6 14. c4 Be4 15. d5 Na4 16. Bd4 Nc3 17. Bxc3 Bxc3 18. Rb3 Qf6 19. Nh2 h5 20. Bd3 Bxd3 21. Qxd3 Be5 22. Nf3 Rfe8 23. Re1 Bf4 24. Rxe8+ Rxe8 25. g3 Bh6 26. h4 Qa1+ 27. Kg2 Qxa2 28. Rb7 Qa5 29. Nd4 Qc5 30. Nc6 Kg7 31. Rxc7 a5 32. Qf3 Rf8 33. Ra7 Qxc4 34. Nd8 Qxc2 35. Ne6+ Kg8 36. Nxf8 1-0

[Event "Pardubice blitz op"]
[Site "Pardubice"]
[Date "2020.08.02"]
[Round "2.10"]
[White "Rodshtein, Tereza"]
[Black "Jasny, Stanislav"]
[Result "0-1"]
[WhiteElo "2189"]
[BlackElo "2314"]
[PlyCount "64"]
[EventDate "2020.08.02"]
[EventType "swiss (blitz)"]
[EventRounds "9"]
[EventCountry "CZE"]
[SourceTitle "CBM 197 Extra"]
[Source "ChessBase"]
[SourceDate "2020.09.30"]
[SourceVersion "1"]
[SourceVersionDate "2020.09.30"]
[SourceQuality "1"]

1. f4 Nf6 2. Nf3 g6 3. b3 Bg7 4. Bb2 0-0 5. e3 c5 6. Be2 Nc6 7. 0-0 d6 8. d3 e5 9. fxe5 Ng4 10. Bc1 Ncxe5 11. Nxe5 Bxe5 12. Bxg4 Bxa1 13. d4 Qb6 14. c3 cxd4 15. exd4 Bxg4 16. Qxg4 f5 17. Qf3 Rfe8 18. Nd2 Qc6 19. Nc4 Qxf3 20. gxf3 Bxc3 21. Nxd6 Bxd4+ 22. Kg2 Re2+ 23. Kg3 Be5+ 24. Bf4 Bxd6 25. Bxd6 Rd8 26. Be5 Rdd2 27. f4 Rg2+ 28. Kf3 Rxh2 29. Kg3 Rdg2+ 30. Kf3 Rxa2 31. Kg3 Rhd2 32. Rf3 Rg2+ 0-1

[Event "Pardubice Test"]
[Site "Pardubice"]
[Date "2020.07.31"]
[Round "3.4"]
[White "Rodshtein, Tereza"]
[Black "Stocek, Jiri"]
[Result "0-1"]
[WhiteElo "2189"]
[BlackElo "2595"]
[PlyCount "80"]
[EventDate "2020.07.28"]
[EventType "team-schev"]
[EventRounds "4"]
[EventCountry "CZE"]
[SourceTitle "EXT 2021"]
[Source "ChessBase"]
[SourceDate "2020.10.23"]
[SourceVersion "1"]
[SourceVersionDate "2020.10.23"]
[SourceQuality "1"]
[WhiteTeam "Reprezentace zen II"]
[BlackTeam "Expert"]
[WhiteTeamCountry "CZE"]
[BlackTeamCountry "CZE"]

1. e4 c5 2. Nf3 d6 3. d4 cxd4 4. Nxd4 Nf6 5. Nc3 Nc6 6. Be2 g6 7. 0-0 Bg7 8. Be3 0-0 9. Nb3 a6 10. f3 b5 11. a4 b4 12. Nd5 Nd7 13. c3 bxc3 14. Nxc3 Rb8 15. Rc1 Nf6 16. Re1 Na5 17. Nxa5 Qxa5 18. Qd2 Re8 19. Red1 Qb4 20. Rc2 Be6 21. Nd5 Nxd5 22. exd5 Bf5 23. Rc6 Qxa4 24. Rxa6 Qb3 25. Ra7 Rec8 26. Bd3 Bxd3 27. Qxd3 Bf6 28. Bd4 Qxd3 29. Rxd3 Bxd4+ 30. Rxd4 Rxb2 31. h4 Rcc2 32. Rxe7 Rxg2+ 33. Kh1 Rgf2 34. Kg1 Rxf3 35. Rd7 Rf6 36. h5 Kg7 37. Rh4 g5 38. h6+ Kg6 39. Rh3 g4 40. Rg3 Kg5 0-1

[Event "Czech Women-Youth"]
[Site "Pardubice"]
[Date "2020.07.30"]
[Round "4.2"]
[White "Smolik, Jachym"]
[Black "Rodshtein, Tereza"]
[Result "1-0"]
[WhiteElo "2121"]
[BlackElo "2189"]
[PlyCount "53"]
[EventDate "2020.07.30"]
[EventType "schev (rapid)"]
[EventRounds "8"]
[EventCountry "CZE"]
[SourceTitle "EXT 2023"]
[Source "ChessBase"]
[SourceDate "2022.10.05"]
[SourceVersion "1"]
[SourceVersionDate "2022.10.05"]
[SourceQuality "1"]
[WhiteTeam "Czech Republic"]
[BlackTeam "Czech Republic"]
[WhiteTeamCountry "CZE"]
[BlackTeamCountry "CZE"]

1. e4 e5 2. Nf3 Nc6 3. d4 exd4 4. Nxd4 Nf6 5. Nc3 Bb4 6. Nxc6 bxc6 7. Bd3 d5 8. exd5 0-0 9. 0-0 cxd5 10. h3 h6 11. Qf3 c6 12. Ne2 Bd6 13. Bf4 Re8 14. Rad1 Rb8 15. b3 c5 16. Ng3 Rb4 17. Bxd6 Qxd6 18. c4 Bb7 19. Bc2 d4 20. Qd3 Qc6 21. f3 Re3 22. Qd2 Qc7 23. Nf5 Re5 24. Nxd4 Rg5 25. Nb5 Qe5 26. Qd8+ Ne8 27. Rfe1 1-0

[Event "Prague op"]
[Site "Prague"]
[Date "2020.02.16"]
[Round "3"]
[White "Sabuk, Piotr"]
[Black "Rodshtein, Tereza"]
[Result "1-0"]
[WhiteElo "2371"]
[BlackElo "2170"]
[PlyCount "55"]
[EventDate "2020.02.14"]
[EventType "swiss"]
[EventRounds "9"]
[EventCountry "CZE"]
[SourceTitle "CBM 195 Extra"]
[Source "ChessBase"]
[SourceDate "2020.05.31"]
[SourceVersion "1"]
[SourceVersionDate "2020.05.31"]
[SourceQuality "1"]

1. e4 e5 2. Nf3 Nc6 3. Nc3 Nf6 4. Bb5 Bb4 5. 0-0 0-0 6. Bxc6 bxc6 7. Nxe5 Bxc3 8. dxc3 Qe8 9. Nd3 Qxe4 10. Re1 Qg4 11. Qxg4 Nxg4 12. Bf4 d5 13. Bxc7 Be6 14. f3 Nf6 15. g4 h5 16. h3 Rfc8 17. Bd6 Bd7 18. Nc5 Be8 19. Re7 a5 20. b3 Rd8 21. Bc7 Rdc8 22. Rae1 Ra7 23. Bb6 Rxe7 24. Rxe7 Ra8 25. a4 hxg4 26. hxg4 Kf8 27. Rc7 d4 28. c4 1-0

[Event "Prague op"]
[Site "Prague"]
[Date "2020.02.15"]
[Round "2"]
[White "Rodshtein, Tereza"]
[Black "Souleidis, Georgios"]
[Result "1/2-1/2"]
[WhiteElo "2170"]
[BlackElo "2414"]
[PlyCount "41"]
[EventDate "2020.02.14"]
[EventType "swiss"]
[EventRounds "9"]
[EventCountry "CZE"]
[SourceTitle "CBM 195 Extra"]
[Source "ChessBase"]
[SourceDate "2020.05.31"]
[SourceVersion "1"]
[SourceVersionDate "2020.05.31"]
[SourceQuality "1"]

1. e4 e6 2. d4 d5 3. Bd3 dxe4 4. Bxe4 Nf6 5. Bf3 c5 6. Ne2 Nc6 7. Be3 cxd4 8. Nxd4 Ne5 9. 0-0 a6 10. Nc3 Be7 11. Qe2 0-0 12. Rad1 Qc7 13. Rfe1 Bd7 14. Bf4 Nxf3+ 15. Qxf3 Qb6 16. Be5 Rfe8 17. Qg3 Nh5 18. Qf3 Nf6 19. Qg3 Nh5 20. Qf3 Nf6 21. Qg3 1/2-1/2